| 000 | 00406nam a2200169Ia 4500 | ||
|---|---|---|---|
| 008 | 230524s9999 xx 000 0 und d | ||
| 020 | _a9788131518656 | ||
| 082 | _bCHA | ||
| 100 | _aStephen J.Chapman | ||
| 245 | 0 | _aMATLAB Programming for Engineers | |
| 250 | _a4 | ||
| 260 |
_aNew Delhi _bCengage _c2015 |
||
| 300 | _a"XX,555p;" | ||
| 500 | _aQuantity Number: 1 | ||
| 650 | _aComp-Sc | ||
| 942 | _cBK | ||
| 999 |
_c57788 _d57788 |
||